| 000 | 00512 a2200181 4500 | ||
|---|---|---|---|
| 003 | Nust | ||
| 005 | 20251015112512.0 | ||
| 040 | _cNust | ||
| 082 | _a621.382 | ||
| 100 |
_aSharif, Maj (TE-15) _9131122 |
||
| 245 |
_aDigitization of speech using delta modulation _cMaj Sharif & Maj Tawfiq & Maj Daz & Capt Akhtar & Capt Gakuru (Kenya) |
||
| 260 |
_aUET, Lahore _bMCS _c1983 |
||
| 300 | _a68 ,p.; | ||
| 538 | _aT2 and Shelf No 3 | ||
| 650 |
_aUG Projects _998716 |
||
| 651 |
_aTE-15 _9131123 |
||
| 942 |
_cPR _2ddc |
||
| 999 |
_c182134 _d182134 |
||